000 01306nam a2200337 i 4500
003 DO-SdBNP
005 20260421123951.0
007 ta
008 260420b2007 dr a|||| |||| 00| 0 spa d
040 _aDO-SdBNP
_bspa
_cBNPHU
_erda
041 _aspa
082 4 _a923.27293
_bB742p 2007
_222
100 1 _aPérez Stefan, Reynolds J.,
_eautor
_4aut.
_938778
245 1 0 _aMemorias de Juanito :
_bhistoria vivida y recogida en las riberas del río Camú /
_cReynolds J. Pérez Stefan ; prólogo, León David.
250 _aprimera edición
264 1 _aSanto Domingo, República Dominicana :
_bSecretaría de Estado de Educación,
_c2007.
300 _a246 páginas:
_bilustraciones ;
_c23 cm.
336 _atexto
_btxt
_2rdacontent
337 _asin mediación
_bn
_2rdamedia
338 _avolumen
_bnc
_2rdacarrier
490 0 _aColección Sociedad la Progresista
500 _aIncluye datos biográficos del autor en las solapas
504 _aBibliografía: páginas 242-244
590 _aInventariado, 2026/BT
600 1 0 _a Bosch, Juan,
_d1909-2001
_976555
650 4 _aPresidentes
_vBiografías
_zRepública Dominicana
_91288
651 4 _aRepública Dominica
_xHistoria
_y1961-
_981725
700 1 _aLeón David,
_d1945-
_eprologuista
_4pr.
_984930
910 _aBtavárez
942 _2ddc
_cLBS1
999 _c60579
_d60579